000 01287nam a2200265 i 4500
001 42469
003 ES-MaACL
005 20251013220208.0
007 t|
008 030331s1869 sp ||||1| spa d
100 1 _aCrémieux, Hector.
_941493
245 1 0 _aGenoveva de Brabante
_b: zarzuela bufa en tres actos /
_cescrita en francés por Mrs. Cremieux y Trefeu ; música del célebre... Offembach ; arreglada a la escena española por los señores Godino y Bardan.
260 _aMadrid :
_b[s.n.],
_c1869 (
_fImp. de José Rodríguez)
300 _a82 p. ;
_c18 cm.
500 _aPrecede al tit.: Repertorio de los Bufos Arderius.
500 _aSolo el texto.
500 _aRepresentada por primera vez en la inauguración de la segunda temporada del Teatro de los Bufos Arderius en 4 de setiembre de 1869.
700 1 _aTréfeu, Etienne,
_d1821-1903
_9148062
700 1 _aOffembach, Jacques.
_986558
700 1 _aGodino, Manuel.
_957527
700 1 _aBardan, Federico.
_925573
852 _aES-MaACL
_jD-677(1)
_q. - Encuadernado con otras obras
_z.- Legado M. de la Fuente
852 1 _aBA
_jF-8552(1)
_zEnc. en un vol. facticio, formando parte de la col. facticia "Teatro español moderno", v. 4
_zFirma manuscrita de Gustavo Saenz Diez, 1878
999 _c42469
_d42469